[Event "HUN-chT2 Barcza 1819"]
[Site "Hungary"]
[Date "2018.09.23"]
[Round "1.5"]
[White "Papp, Tamas1111"]
[Black "Adorjan, Attila"]
[Result "1-0"]
[WhiteElo "2314"]
[BlackElo "1951"]
[PlyCount "119"]
[EventDate "2018.09.23"]
[EventType "team-tourn"]
[EventRounds "11"]
[EventCountry "HUN"]
[SourceTitle "CBM 189 Extra"]
[Source "ChessBase"]
[SourceDate "2019.06.03"]
[SourceVersion "1"]
[SourceVersionDate "2019.06.03"]
[SourceQuality "1"]
[WhiteTeam "Szirmabesenyo"]
[BlackTeam "Debrecen Sakkiskola"]
[WhiteTeamCountry "HUN"]
[BlackTeamCountry "HUN"]

1. d4 Nf6 2. Nf3 e6 3. g3 c5 4. Bg2 cxd4 5. 0-0 Nc6 6. Nxd4 d5 7. c4 Qb6 8. Nxc6 bxc6 9. Nc3 Be7 10. b3 0-0 11. Na4 Qa6 12. Qc2 Bd7 13. Be3 Qa5 14. Bd2 Qa6 15. Be3 Qa5 16. c5 e5 17. f4 Ng4 18. Bd2 Qb5 19. h3 Nh6 20. fxe5 Qxe2 21. g4 Bg5 22. Rf2 Be3 23. Bxe3 Qxe3 24. Qc3 Qxc3 25. Nxc3 Rae8 26. Re2 f5 27. exf6 gxf6 28. Rae1 Kf7 29. Kf2 Rxe2+ 30. Rxe2 Re8 31. Rxe8 Bxe8 32. Ke3 Ke6 33. Kf4 Nf7 34. Ne2 Ne5 35. Nd4+ Kf7 36. Bf1 Bd7 37. b4 Nc4 38. Bd3 h6 39. a4 a6 40. Bxc4 dxc4 41. Nf5 Ke6 42. Ke4 h5 43. gxh5 c3 44. Nd4+ Kf7 45. Kd3 Kg7 46. Kxc3 Kh6 47. Kd3 Kxh5 48. Ke3 Kh4 49. Kf4 Kxh3 50. a5 Kg2 51. Nf5 Kf2 52. Ne7 Ke2 53. Ke4 Kd2 54. Kd4 Kc2 55. b5 cxb5 56. c6 Bh3 57. Kc5 b4 58. Kxb4 f5 59. Nd5 Kb2 60. Nf4 1-0

[Event "HUN-chT2 Barcza 1718"]
[Site "Hungary"]
[Date "2017.12.17"]
[Round "6.12"]
[White "Adorjan, Attila"]
[Black "Varga, Balint1111"]
[Result "1-0"]
[WhiteElo "1928"]
[BlackElo "1605"]
[PlyCount "61"]
[EventDate "2017.09.24"]
[EventType "team-tourn"]
[EventRounds "11"]
[EventCountry "HUN"]
[SourceTitle "EXT 2021"]
[Source "ChessBase"]
[SourceDate "2020.10.23"]
[SourceVersion "1"]
[SourceVersionDate "2020.10.23"]
[SourceQuality "1"]
[WhiteTeam "Debrecen Sakkiskola II"]
[BlackTeam "Bajnok Sakkiskola"]
[WhiteTeamCountry "HUN"]
[BlackTeamCountry "HUN"]

1. e4 c5 2. Nf3 Nc6 3. d4 cxd4 4. Nxd4 Nf6 5. Nc3 e5 6. Ndb5 d6 7. Bg5 a6 8. Na3 Be7 9. Bxf6 Bxf6 10. Nc4 Nd4 11. Nd5 b5 12. Ncb6 Rb8 13. Nxc8 Rxc8 14. c3 Nc6 15. a4 Rb8 16. axb5 axb5 17. Nxf6+ gxf6 18. Qd5 Ne7 19. Bxb5+ Kf8 20. Qd3 Qb6 21. c4 f5 22. exf5 e4 23. Qxe4 d5 24. Qe5 Rg8 25. Ra6 Qb7 26. f6 dxc4 27. Qxe7+ Qxe7+ 28. fxe7+ Kxe7 29. Bxc4 Rxg2 30. b3 Rb7 31. Bd5 1-0

[Event "HUN-chT2 Barcza 1718"]
[Site "Hungary"]
[Date "2017.10.29"]
[Round "3.10"]
[White "Horvath, Kristof"]
[Black "Adorjan, Attila"]
[Result "0-1"]
[WhiteElo "2022"]
[BlackElo "1928"]
[PlyCount "50"]
[EventDate "2017.09.24"]
[EventType "team-tourn"]
[EventRounds "11"]
[EventCountry "HUN"]
[SourceTitle "EXT 2021"]
[Source "ChessBase"]
[SourceDate "2020.10.23"]
[SourceVersion "1"]
[SourceVersionDate "2020.10.23"]
[SourceQuality "1"]
[WhiteTeam "Lillafured DVTK II"]
[BlackTeam "Debrecen Sakkiskola II"]
[WhiteTeamCountry "HUN"]
[BlackTeamCountry "HUN"]

1. e4 c6 2. d4 d5 3. exd5 cxd5 4. c4 Nf6 5. Nc3 e6 6. Nf3 Be7 7. Bf4 0-0 8. Bd3 dxc4 9. Bxc4 a6 10. a4 Qb6 11. 0-0 Nc6 12. Ne5 Rd8 13. Nxc6 bxc6 14. Be3 Qxb2 15. Qd3 Qb8 16. Rfb1 Qc7 17. Qe2 a5 18. Rb3 Nd5 19. Ne4 Nb4 20. Rc1 Qd7 21. Qh5 Ba6 22. Bxa6 Rxa6 23. Bg5 Qd5 24. Rg3 f6 25. Rc5 Qxe4 0-1

[Event "FICGS class D 000238 email"]
[Site "FICGS email"]
[Date "2017.06.20"]
[Round "1"]
[White "Pintor, Manuel Abranches"]
[Black "Adorjan, Attila"]
[Result "1-0"]
[WhiteElo "1458"]
[BlackElo "1418"]
[PlyCount "29"]
[EventDate "2017.??.??"]
[EventType "tourn (corr)"]
[EventRounds "6"]
[SourceTitle "Corr 2022"]
[Source "ChessBase"]
[SourceDate "2021.10.24"]
[SourceVersion "1"]
[SourceVersionDate "2021.10.24"]
[SourceQuality "1"]

1. e4 c6 2. f4 d5 3. exd5 cxd5 4. d4 Bf5 5. Nf3 Nc6 6. c3 Nf6 7. Bd3 Bxd3 8. Qxd3 e6 9. Qb5 Qc7 10. Ne5 Bd6 11. 0-0 0-0 12. Be3 Ng4 13. Nxg4 a6 14. Qd3 b5 15. a3 1-0

[Event "HUN-chT2 Barcza 1314"]
[Site "Hungary"]
[Date "2014.04.27"]
[Round "11"]
[White "Gyorffy, Peter Pal"]
[Black "Adorjan, Attila"]
[Result "1/2-1/2"]
[WhiteElo "1776"]
[BlackElo "1983"]
[PlyCount "39"]
[EventDate "2013.09.08"]
[EventType "team-tourn"]
[EventRounds "11"]
[EventCountry "HUN"]
[SourceTitle "EXT 2016"]
[Source "ChessBase"]
[SourceDate "2015.10.08"]
[SourceVersion "1"]
[SourceVersionDate "2015.10.08"]
[SourceQuality "1"]
[WhiteTeam "Debrecen EAC"]
[BlackTeam "Debrecen Sakkiskola"]
[WhiteTeamCountry "HUN"]
[BlackTeamCountry "HUN"]

1. b3 e5 2. Bb2 Nc6 3. e3 Nf6 4. Bb5 d6 5. Ne2 Bd7 6. 0-0 Be7 7. d4 exd4 8. Nxd4 Nxd4 9. Bxd7+ Qxd7 10. Qxd4 d5 11. c4 c5 12. Qd3 0-0 13. Rd1 Rfd8 14. Nc3 dxc4 15. Qxc4 Qc6 16. e4 Rxd1+ 17. Rxd1 Rd8 18. Nd5 Nxd5 19. exd5 Qd6 20. Qe4 1/2-1/2

[Event "HUN-chT2 Barcza 1314"]
[Site "Hungary"]
[Date "2014.03.23"]
[Round "9"]
[White "Kassay, Krisztian"]
[Black "Adorjan, Attila"]
[Result "1/2-1/2"]
[WhiteElo "1924"]
[BlackElo "1983"]
[PlyCount "118"]
[EventDate "2013.09.08"]
[EventType "team-tourn"]
[EventRounds "11"]
[EventCountry "HUN"]
[SourceTitle "EXT 2016"]
[Source "ChessBase"]
[SourceDate "2015.10.08"]
[SourceVersion "1"]
[SourceVersionDate "2015.10.08"]
[SourceQuality "1"]
[WhiteTeam "Miskolc KisBocsok"]
[BlackTeam "Debrecen Sakkiskola"]
[WhiteTeamCountry "HUN"]
[BlackTeamCountry "HUN"]

1. e4 c6 2. d4 d5 3. exd5 cxd5 4. Bd3 Nc6 5. c3 Qc7 6. Bg5 g6 7. Nf3 Bg7 8. Qb3 e6 9. 0-0 Nf6 10. Nbd2 0-0 11. Rae1 Na5 12. Qc2 Nc4 13. Bxc4 dxc4 14. Qa4 Bd7 15. Qxc4 Qxc4 16. Nxc4 Bb5 17. Nfd2 Rac8 18. Nd6 Bxf1 19. Nxc8 Bd3 20. Nd6 Nd5 21. N2e4 b5 22. Nc5 Bf5 23. Nxb5 Rb8 24. a4 Bc2 25. c4 Nb4 26. Rc1 Bf5 27. Bf4 Ra8 28. Bd2 Nc6 29. Bc3 Rd8 30. Nb7 Rd7 31. Nc5 Rd8 32. d5 exd5 33. Bxg7 Kxg7 34. Nb7 Rb8 35. Nc5 Rd8 36. Nb7 Rd7 37. cxd5 Rxd5 38. h3 Nd4 39. Nxd4 Rxd4 40. Nc5 Kf6 41. g4 Be6 42. Nxe6 Kxe6 43. Rc6+ Kd7 44. Ra6 Rb4 45. Rxa7+ Ke6 46. Ra6+ Ke7 47. a5 Rxb2 48. Rb6 Ra2 49. a6 h6 50. Kg2 Ra3 51. f4 h5 52. f5 gxf5 53. gxf5 f6 54. Kh2 Ra5 55. Rb7+ Kd6 56. a7 Ra3 57. Rh7 Kc5 58. Rxh5 Rxa7 59. Kg3 Ra3+ 1/2-1/2

[Event "HUN-chT2 Barcza 1314"]
[Site "Hungary"]
[Date "2013.11.17"]
[Round "5"]
[White "Nagy, Tibor1111"]
[Black "Adorjan, Attila"]
[Result "0-1"]
[WhiteElo "1965"]
[BlackElo "1983"]
[PlyCount "88"]
[EventDate "2013.09.08"]
[EventType "team-tourn"]
[EventRounds "11"]
[EventCountry "HUN"]
[SourceTitle "EXT 2016"]
[Source "ChessBase"]
[SourceDate "2015.10.08"]
[SourceVersion "1"]
[SourceVersionDate "2015.10.08"]
[SourceQuality "1"]
[WhiteTeam "Nadudvar"]
[BlackTeam "Debrecen Sakkiskola"]
[WhiteTeamCountry "HUN"]
[BlackTeamCountry "HUN"]

1. Nf3 Nf6 2. g3 d5 3. Bg2 c5 4. d3 Nc6 5. 0-0 e5 6. e4 dxe4 7. dxe4 Qxd1 8. Rxd1 Bg4 9. c3 Be7 10. Bg5 0-0 11. Nbd2 Rad8 12. a4 Rd3 13. h3 Be6 14. Bf1 Rdd8 15. Nc4 Nxe4 16. Bxe7 Nxe7 17. Nfxe5 Ng6 18. Re1 Nxe5 19. Rxe4 Nf3+ 20. Kh1 Bd5 21. Rf4 g5 22. Rxf3 Bxf3+ 23. Kh2 Rfe8 24. Ne3 Rd2 25. Kg1 Rxb2 26. Bb5 Rd8 27. Re1 a6 28. Bc4 b5 29. axb5 axb5 30. Bf1 Bc6 31. Nf5 Kf8 32. Re5 Rd5 33. f4 Rxe5 34. fxe5 Rc2 35. Nd6 Rxc3 36. Kf2 Rf3+ 37. Ke2 Rxg3 38. Nf5 Ra3 39. Kd2 b4 40. Bd3 Bd7 41. Nd6 h5 42. Ne4 Bf5 43. Nxc5 Bxd3 44. Nxd3 Rxd3+ 0-1

[Event "HUN-chT2 Barcza 1213"]
[Site "Hungary"]
[Date "2013.04.21"]
[Round "11.6"]
[White "Adorjan, Attila"]
[Black "Papp, Tamas"]
[Result "0-1"]
[WhiteElo "1987"]
[BlackElo "2306"]
[PlyCount "86"]
[EventDate "2012.09.16"]
[EventType "team-tourn"]
[EventRounds "11"]
[EventCountry "HUN"]
[SourceTitle "EXT 2014"]
[Source "ChessBase"]
[SourceDate "2013.11.20"]
[SourceVersion "1"]
[SourceVersionDate "2013.11.20"]
[SourceQuality "1"]
[WhiteTeam "Debrecen Sakkiskola"]
[BlackTeam "Miskolc Kisbocsok"]
[WhiteTeamCountry "HUN"]
[BlackTeamCountry "HUN"]

1. e4 c5 2. Nf3 e6 3. d4 cxd4 4. Nxd4 a6 5. c4 Nf6 6. Nc3 Bb4 7. Bd3 Qc7 8. 0-0 Nc6 9. Nxc6 dxc6 10. Qe2 e5 11. Bd2 Bd6 12. h3 Be6 13. Rac1 Nd7 14. b4 Bxb4 15. Nd5 Bxd5 16. cxd5 Bxd2 17. Qxd2 c5 18. Qg5 0-0 19. Rfd1 Qd6 20. a4 Rfc8 21. Be2 Rc7 22. Bg4 Nf6 23. Bf5 b5 24. f4 Re7 25. axb5 axb5 26. Ra1 Rxa1 27. Rxa1 exf4 28. Ra8+ Ne8 29. Ra6 Qe5 30. Re6 Rxe6 31. dxe6 f6 32. Qh5 g6 33. Bxg6 Qxh5 34. Bxh5 Kf8 35. Be2 Nd6 36. Kf2 Nxe4+ 37. Kf3 Nc3 38. Bd3 c4 39. Bxh7 b4 40. Kxf4 b3 41. Ke3 Nd5+ 42. Kd4 c3 43. Kxd5 Ke7 0-1

[Event "HUN-chT2 Barcza 1213"]
[Site "Hungary"]
[Date "2013.03.03"]
[Round "8.6"]
[White "Galko, Tibor"]
[Black "Adorjan, Attila"]
[Result "1/2-1/2"]
[WhiteElo "1893"]
[BlackElo "1987"]
[PlyCount "60"]
[EventDate "2012.09.16"]
[EventType "team-tourn"]
[EventRounds "11"]
[EventCountry "HUN"]
[SourceTitle "EXT 2014"]
[Source "ChessBase"]
[SourceDate "2013.11.20"]
[SourceVersion "1"]
[SourceVersionDate "2013.11.20"]
[SourceQuality "1"]
[WhiteTeam "Edeleny"]
[BlackTeam "Debrecen Sakkiskola"]
[WhiteTeamCountry "HUN"]
[BlackTeamCountry "HUN"]

1. e4 c6 2. d4 d5 3. exd5 cxd5 4. Bd3 Nc6 5. c3 Qc7 6. h3 Nf6 7. Nf3 e6 8. 0-0 Bd6 9. Re1 0-0 10. Bg5 Nd7 11. Bb5 Qb6 12. Qe2 a6 13. Bxc6 bxc6 14. b3 c5 15. Nbd2 a5 16. Qd3 Ba6 17. Qe3 cxd4 18. cxd4 Ba3 19. Rad1 Rac8 20. Nb1 Bb4 21. Nfd2 Nb8 22. a3 Bd6 23. Rc1 Nc6 24. Nf3 Ne7 25. Bxe7 Bxe7 26. Ne5 Rxc1 27. Rxc1 Rc8 28. Rxc8+ Bxc8 29. Qc3 Bb7 30. Nd3 g6 1/2-1/2

[Event "FICGS rapid D 000059 email"]
[Site "FICGS email"]
[Date "2011.06.20"]
[Round "1"]
[White "Adorjan, Attila"]
[Black "Cabrera Trujillo, Claudio Tomas"]
[Result "0-1"]
[WhiteElo "1486"]
[BlackElo "1467"]
[PlyCount "38"]
[EventDate "2011.??.??"]
[EventType "tourn (rapid)"]
[EventRounds "6"]
[SourceTitle "Corr 2013"]
[Source "ChessBase"]
[SourceDate "2012.11.12"]
[SourceVersion "1"]
[SourceVersionDate "2012.11.12"]
[SourceQuality "1"]

1. e4 e6 2. d4 d5 3. Nd2 c5 4. exd5 exd5 5. Bb5+ Bd7 6. Qe2+ Qe7 7. Bxd7+ Nxd7 8. dxc5 Qxe2+ 9. Nxe2 Bxc5 10. Nb3 Bb4+ 11. c3 Bd6 12. Bf4 Bxf4 13. Nxf4 Ngf6 14. 0-0-0 0-0 15. Nxd5 Nxd5 16. Rxd5 Nf6 17. Rd4 Rfe8 18. Rhd1 h6 19. Na5 b6 0-1

[Event "FICGS class E 000139 email"]
[Site "FICGS email"]
[Date "2011.06.20"]
[Round "1"]
[White "Budnar, Milos"]
[Black "Adorjan, Attila"]
[Result "1-0"]
[WhiteElo "1300"]
[BlackElo "1486"]
[PlyCount "21"]
[EventDate "2011.??.??"]
[EventType "tourn (corr)"]
[EventRounds "6"]
[SourceTitle "Corr 2022"]
[Source "ChessBase"]
[SourceDate "2021.10.24"]
[SourceVersion "1"]
[SourceVersionDate "2021.10.24"]
[SourceQuality "1"]

1. e4 c5 2. Nf3 Nc6 3. d4 cxd4 4. Nxd4 Nf6 5. Nc3 e5 6. Ndb5 d6 7. Bg5 a6 8. Na3 b5 9. Nd5 Be7 10. Bxf6 Bxf6 11. Nxf6+ 1-0

[Event "FICGS rapid D 000058 email"]
[Site "FICGS email"]
[Date "2011.06.02"]
[Round "1"]
[White "Adorjan, Attila"]
[Black "Krakovsky, Peter"]
[Result "1-0"]
[WhiteElo "1486"]
[BlackElo "1496"]
[PlyCount "35"]
[EventDate "2011.??.??"]
[EventType "tourn (rapid)"]
[EventRounds "6"]
[SourceTitle "Corr 2013"]
[Source "ChessBase"]
[SourceDate "2012.11.12"]
[SourceVersion "1"]
[SourceVersionDate "2012.11.12"]
[SourceQuality "1"]

1. e4 e5 2. Nf3 Nc6 3. d4 exd4 4. Nxd4 Nf6 5. Nxc6 bxc6 6. e5 Qe7 7. Qe2 Nd5 8. c4 Ba6 9. b3 g6 10. f4 d6 11. Bb2 Bg7 12. Qf2 Nf6 13. Be2 dxe5 14. fxe5 Nd7 15. 0-0 0-0 16. Nd2 Bxe5 17. Bxe5 Nxe5 18. Ne4 1-0

[Event "FICGS rapid D 000058 email"]
[Site "FICGS email"]
[Date "2011.06.02"]
[Round "1"]
[White "Adorjan, Attila"]
[Black "Piantadosi, Angelo"]
[Result "1-0"]
[WhiteElo "1486"]
[BlackElo "1306"]
[PlyCount "37"]
[EventDate "2011.??.??"]
[EventType "tourn (rapid)"]
[EventRounds "6"]
[SourceTitle "Corr 2013"]
[Source "ChessBase"]
[SourceDate "2012.11.12"]
[SourceVersion "1"]
[SourceVersionDate "2012.11.12"]
[SourceQuality "1"]

1. e4 e6 2. d4 d5 3. Nd2 dxe4 4. Nxe4 Nd7 5. Nf3 Ngf6 6. Nxf6+ Nxf6 7. Bd3 Be7 8. Qe2 0-0 9. Bg5 c5 10. dxc5 Bxc5 11. 0-0-0 Qb6 12. Bxf6 gxf6 13. Nd2 Bxf2 14. Rhf1 Bd4 15. c3 Be5 16. Bxh7+ Kxh7 17. Qh5+ Kg7 18. Qg4+ Kh7 19. Rf3 1-0

[Event "FICGS rapid D 000058 email"]
[Site "FICGS email"]
[Date "2011.06.02"]
[Round "1"]
[White "Leurette, Marc Antoine"]
[Black "Adorjan, Attila"]
[Result "0-1"]
[WhiteElo "1391"]
[BlackElo "1486"]
[PlyCount "50"]
[EventDate "2011.??.??"]
[EventType "tourn (rapid)"]
[EventRounds "6"]
[SourceTitle "Corr 2013"]
[Source "ChessBase"]
[SourceDate "2012.11.12"]
[SourceVersion "1"]
[SourceVersionDate "2012.11.12"]
[SourceQuality "1"]

1. e4 c5 2. Nf3 Nc6 3. Bc4 d6 4. d4 cxd4 5. Nxd4 Nf6 6. Nc3 e5 7. Nf3 Be7 8. 0-0 0-0 9. Bg5 Be6 10. Bd5 Rc8 11. Bxe6 fxe6 12. Qe2 Qb6 13. b3 Nd4 14. Nxd4 exd4 15. Na4 Qa5 16. Bh4 e5 17. f3 Qc7 18. Rac1 d5 19. c4 b5 20. cxb5 Qxc1 21. Rxc1 Rxc1+ 22. Be1 Bb4 23. Kf2 Nxe4+ 24. Kf1 d3 25. Qe3 d2 0-1

[Event "FICGS class D 000170 email"]
[Site "FICGS email"]
[Date "2011.05.21"]
[Round "1"]
[White "Adorjan, Attila"]
[Black "Jacobs, Francois"]
[Result "1-0"]
[WhiteElo "1486"]
[BlackElo "1502"]
[PlyCount "23"]
[EventDate "2011.??.??"]
[EventType "tourn (corr)"]
[EventRounds "6"]
[SourceTitle "Corr 2013"]
[Source "ChessBase"]
[SourceDate "2012.11.12"]
[SourceVersion "1"]
[SourceVersionDate "2012.11.12"]
[SourceQuality "1"]

1. e4 c5 2. Nf3 d6 3. d4 cxd4 4. Nxd4 Nf6 5. Nc3 a6 6. Bg5 e6 7. f4 Qc7 8. Qf3 Nbd7 9. 0-0-0 Be7 10. g4 b5 11. Bxf6 Nxf6 12. g5 1-0

[Event "FICGS class D 000169 email"]
[Site "FICGS email"]
[Date "2011.05.06"]
[Round "1"]
[White "Gerfault, Pascal"]
[Black "Adorjan, Attila"]
[Result "1-0"]
[WhiteElo "1563"]
[BlackElo "1486"]
[PlyCount "47"]
[EventDate "2011.??.??"]
[EventType "tourn (corr)"]
[EventRounds "6"]
[SourceTitle "Corr 2013"]
[Source "ChessBase"]
[SourceDate "2012.11.12"]
[SourceVersion "1"]
[SourceVersionDate "2012.11.12"]
[SourceQuality "1"]

1. e4 c5 2. Nf3 Nc6 3. d4 cxd4 4. Nxd4 Nf6 5. Nc3 e5 6. Ndb5 d6 7. Bg5 a6 8. Na3 b5 9. Nd5 Be7 10. Bxf6 Bxf6 11. c3 Bg5 12. Nc2 0-0 13. a4 bxa4 14. Rxa4 a5 15. Bc4 Bd7 16. 0-0 Nb4 17. Ra3 Rc8 18. Be2 Nxd5 19. exd5 Qb6 20. Ne1 Qxb2 21. Rxa5 Rxc3 22. Bf3 Bb5 23. Rxb5 Qxb5 24. Qa1 1-0

[Event "RC-2011-0-00063"]
[Site "LSS email"]
[Date "2011.02.28"]
[Round "?"]
[White "Sherwood, Russell"]
[Black "Adorjan, Attila"]
[Result "0-1"]
[WhiteElo "1796"]
[BlackElo "1620"]
[PlyCount "74"]
[EventDate "2011.01.25"]
[EventType "tourn (corr)"]
[EventRounds "6"]
[EventCountry "GER"]
[SourceTitle "Telechess CBM 147"]
[Source "ChessBase"]
[SourceDate "2012.03.16"]
[SourceVersion "1"]
[SourceVersionDate "2012.03.16"]
[SourceQuality "1"]

1. e4 c5 2. Nf3 Nc6 3. d4 cxd4 4. Nxd4 Nf6 5. Nc3 e5 6. Ndb5 d6 7. Bg5 a6 8. Na3 b5 9. Bxf6 gxf6 10. Nd5 f5 11. Bd3 Be6 12. 0-0 Bxd5 13. exd5 Ne7 14. Nxb5 Bg7 15. Nc3 e4 16. Bc4 Qc8 17. Qe2 Bxc3 18. bxc3 Ng6 19. Rab1 Rg8 20. f4 Qc5+ 21. Kh1 Kf8 22. a4 Kg7 23. Bxa6 Qxc3 24. Rb5 Rxa6 25. Rb3 Qc8 26. Rb4 Qc5 27. Rxe4 fxe4 28. Qxa6 Qxd5 29. Qe2 f5 30. c4 Qd4 31. g3 Rc8 32. a5 Qxc4 33. Qxc4 Rxc4 34. Ra1 Rc7 35. Rd1 Rc6 36. Rb1 Kf6 37. Kg1 Ke6 0-1

[Event "LSS No Engine Cup 33 Preliminary 3"]
[Site "LSS email"]
[Date "2010.12.27"]
[Round "?"]
[White "Adorjan, Attila"]
[Black "Oberlaender, Rolf"]
[Result "1-0"]
[WhiteElo "1613"]
[BlackElo "688"]
[PlyCount "57"]
[EventDate "2010.12.28"]
[EventType "tourn (corr)"]
[EventRounds "6"]
[EventCountry "GER"]
[SourceTitle "Telechess CBM 147"]
[Source "ChessBase"]
[SourceDate "2012.03.16"]
[SourceVersion "1"]
[SourceVersionDate "2012.03.16"]
[SourceQuality "1"]

1. e4 e5 2. Nf3 Nf6 3. d4 Nxe4 4. Bd3 d5 5. Nxe5 Qf6 6. Qe2 c5 7. Bxe4 dxe4 8. Qxe4 Be7 9. 0-0 0-0 10. Nf3 Bf5 11. Qxb7 Nc6 12. Bg5 Qd6 13. Bxe7 Nxe7 14. Re1 Nc6 15. dxc5 Qxc5 16. Nc3 a6 17. Rad1 Bxc2 18. Rd5 Qc4 19. Nd2 Rab8 20. Qxb8 Rxb8 21. Nxc4 Nb4 22. Rde5 g6 23. Re8+ Rxe8 24. Rxe8+ Kg7 25. Ne3 Bf5 26. Nxf5+ Kf6 27. Ne3 Nd3 28. b3 h5 29. Ra8 1-0